000 00849nmm a2200289 a 4500
003 AR-BaBNM
005 20251128211358.0
008 114020s2003 ||||||||||||||000 | spa||
020 _a950-808-392-1
040 _cAR-BaBNM
245 1 0 _aLa educación en actitudes y valores
_bdilemas para su enseñanza y evaluación
250 _a1ª ed.
260 _aRosario
_bHomo Sapiens Ediciones
_c2003
300 0 _a142 p.
_bgráfs.
504 _aContiene referencias bibliográficas p. 138-142
650 4 _aEVALUACION
650 4 _aCURRICULO
650 4 _aDEMANDA DE EDUCACION
651 4 _aArgentina
653 _aEDUCACION EN VALORES
653 _aCONTENIDOS ACTITUDINALES
700 1 _aTrillo, Felipe
_ecoordinador
700 1 _aRubal, Xosé
_ecolaborador
700 1 _aZabalza, Miguel
_ecolaborador
942 _cBK
998 _craquel
999 _c19418
_d19418